000 01250nam a2200313 a 4500
001 BRCA_8623
005 20190320210340.0
008 210916s1734----it-#######---#000-0#lat-#
050 4 _aKB230.A3
_b.M36
_c1734
245 1 0 _aMantissa decisionum sacrae rotae romanae ad theatrum veritatis & justitiae cardinalis de luca ejusque tractus de officiis venalibus & statutariis successionibus.
260 _aVenetiis
_bEx typographia balleoniana
_c1734
300 _avol. 4, 423 p.
_c39 cm
500 _aFondo antiguo
500 _aSe encuentra en Caja Fuerte
500 _aU-118c
500 _aCon Ex-libris de: Franz Mayer
500 _aVol. 3 se encuentra en Sala S. XIX
500 _aGrabado en portada
500 _aTexto impreso a dos columnas
500 _aViñetas al final de cada capítulo
500 _aIncluye índice
500 _aContiene: argumentis summariis, ac indice materiatum locupletissimo
500 _aEn portada: superiorum permissu, ac privilegis
500 _aNota de encuadernación: piel sobre cartón, desgastada de lomo y tapas
506 0 _aFondo reservado: para su consulta es necesario credencial de usuario y carta de motivos
650 1 4 _aDerecho canónico
_921260
902 _aLAR
942 _2lcc
_cB
999 _c8283
_d8283